Music Quiz

Random Music or Clip Quiz

Songs That Don't Share A Title (Clip Quiz) Stats

 Plays Quiz not verified by Sporcle

Score 0/91 Timer 19:00
0 Plays Today
Answer % Correct
California Girls / California Gurls
98.7%
Katy Perry
96%
The Beach Boys
92.5%
The Black Eyed Peas
85.2%
Sugar, Sugar / Suga Suga
82.2%
Kelly Clarkson
81.3%
Since You Been Gone / Since You've Been Gone / Since U Been Gone
80.6%
Lovesong / Love Song
79.9%
Free Fallin' / Freefallin'
78.8%
I've Got A Feeling / I Gotta Feeling
78.2%
Tom Petty
75.4%
Michael Jackson
74.6%
Falling / Fallin'
71.2%
Alicia Keys
70.1%
Dido
69.5%
The Cure
68.2%
Thank U / Thank You
66.8%
Led Zeppelin
64.4%
4 Non Blondes
64.2%
What's Up? / Wassuup!
63%
Phil Collins
61.1%
The Archies
58.4%
Alanis Morissette
58.1%
Oasis
57.3%
Sara Bareilles
55.8%
Usher
55.7%
You Are Not Alone / You're Not Alone
55.3%
Chris Brown
54.8%
Madonna
52.8%
The Beatles
52.3%
Britney Spears
51.9%
Answer % Correct
Timbaland
51.4%
Last Night / Last Nite
51%
The Strokes
50.4%
George Michael
48.1%
Rock And Roll / Rock 'n' Roll
45.9%
Day & Night / Day 'n' Nite
45.6%
4Ever / Forever
39.6%
Sign '☮' The Times / Sign Of The Times
38.5%
Kid Cudi
38.3%
Prince
37.3%
Harry Styles
36.6%
Bryan Adams, Rod Stewart and Sting
36.5%
What Do You Want From Me? / Whataya Want From Me
35.2%
Zayn
34.8%
Pillow Talk / Pillowtalk
32.6%
Two Hearts / 2 Hearts
32.6%
Adam Lambert
31.8%
Only You / Only U
31.8%
Til The World Ends / Till The World Ends
29.3%
All 4 Love / All For Love
26.4%
Dizzee Rascal
25.4%
You've Got It Bad / U Got It Bad
24.9%
Kylie Minogue
24.8%
Yazoo
24.6%
Do You Know What I Mean / D'You Know What I Mean?
24.4%
Jet
23.4%
Rainbow
22.6%
Look Wot You Dun / Look What You've Done
21.4%
Give It To Me / Give It 2 Me
21.2%
Dance With Me / Dance Wiv Me
20.8%
Nicole Scherzinger
19.4%
Answer % Correct
The Veronicas
18.8%
Right Thurr / Right There
18.4%
I Gotcha / I Got You
18.2%
Split Enz
15.5%
Chingy
15%
Baby Bash
14.8%
Color Me Badd
11.8%
Slade
11.3%
Freak / Freeek!
11.1%
Olive
10.3%
Julee Cruise
9.4%
Silverchair
9%
Robin Thicke
8.7%
Give It To You / Give It 2 U
8.1%
Ashanti
7.8%
Jordan Knight
7%
Billie Piper
6.8%
Joe Tex
6.1%
The Outfield
5.4%
Debelah Morgan
5%
Monaco
4.8%
Lee Michaels
4.7%
Sylvia
4.3%
Ocean Colour Scene
4%
Az Yet
3.8%
Status Quo
3.3%
Zoë Badwi
2.7%
Three Dog Night
2.6%
Da Muttz
2.6%

You're not logged in!

Compare scores with friends on all Sporcle quizzes.
OR
Log In

Show Comments

Extras

Top Quizzes Today


Score Distribution

Your Account Isn't Verified!

In order to create a playlist on Sporcle, you need to verify the email address you used during registration. Go to your Sporcle Settings to finish the process.

Report this User

Report this user for behavior that violates our Community Guidelines.

Details: